000 00685nam a2200181 a 4500
008 120416s1983 ||||||||||||||||| || u
020 _a086531974X
050 _aHB 1955 Urb
100 _aGoldscheider, Calvin
245 1 0 _aUrban migrants in developing nations: patterns and problems of adjustment
_cedited by Calvin Goldscheider
260 _aBoulder, Col.:
_bWestview Press
_c1983
300 _axvii, 287p. : Ill.
350 _a0.00
650 _aMIGRANTS, URBAN
650 7 _aMIGRATION
_2gnd
700 _aBrown, M. Ray
995 _D0.00
_FCBU-MAIN LIBRARY (Kitwe)
_H2
_I24.25
_M2
_UAVAILABLE
_ZAnnex Low-Usage Collection
999 _c61040
_d61040